[Event "22nd EUR-ch (w)"]
[Site "Prague CZE"]
[Date "2022.08.31"]
[Round "11.20"]
[White "Kubicka, Anna"]
[Black "Antolak, Julia"]
[Result "1/2-1/2"]
[WhiteElo "2237"]
[BlackElo "2378"]
[EventDate "2022.08.20"]
[PlyCount "77"]

1.d4 Nf6 2.c4 e6 3.Nc3 Bb4 4.Qc2 d5 5.cxd5 exd5 6.Bg5 c5 7.dxc5 h6 8.Bh4 
g5 9.Bg3 Ne4 10.e3 Qf6 11.Rc1 Nc6 12.Nf3 Bf5 13.Bd3 h5 14.Nd2 Bxc3 15.bxc3
Nxg3 16.hxg3 Bxd3 17.Qxd3 O-O-O 18.Nf3 g4 19.Nd4 Ne5 20.Qc2 Kb8 21.Rb1 Rc8
22.Rb5 a6 23.Rb6 Qe7 24.c6 Nxc6 25.Nxc6+ Rxc6 26.Rxc6 bxc6 27.O-O Ka7 28.
Qa4 Qc5 29.Qf4 Rb8 30.Qxf7+ Rb7 31.Qf6 Qc4 32.Rc1 Rb2 33.Qf7+ Kb8 34.Qxh5 
Qxa2 35.Qe8+ Kc7 36.Qe7+ Kc8 37.Qe8+ Kc7 38.Qe7+ Kc8 39.Qe8+ 1/2-1/2

[Event "22nd EUR-ch (w)"]
[Site "Prague CZE"]
[Date "2022.08.31"]
[Round "11.21"]
[White "Gueci, Tea"]
[Black "Unuk, Laura"]
[Result "1-0"]
[WhiteElo "2254"]
[BlackElo "2350"]
[EventDate "2022.08.20"]
[PlyCount "79"]

1.e4 e5 2.Nf3 Nc6 3.d4 exd4 4.Bc4 Nf6 5.e5 d5 6.Bb5 Ne4 7.Nxd4 Bd7 8.Bxc6 
bxc6 9.O-O Bc5 10.f3 Ng5 11.f4 Ne4 12.Be3 Qe7 13.Nd2 Nd6 14.N2b3 Nc4 15.
Bf2 Bb6 16.Qh5 O-O-O 17.Rae1 Rde8 18.c3 h6 19.a4 a5 20.Qe2 Kb7 21.Nc1 Qf8 
22.Qc2 g5 23.b3 Na3 24.Qa2 gxf4 25.Nd3 Rg8 26.Nxf4 Rg4 27.Nh5 Rg5 28.Nf6 
Bh3 29.Bg3 c5 30.Nf3 c4+ 31.Kh1 Rxg3 32.hxg3 cxb3 33.Qxb3 Bxg2+ 34.Kxg2 
Rd8 35.Nxd5 Nc2 36.Qxc2 Rxd5 37.Qe4 c6 38.Nd4 Qc5 39.Rxf7+ Ka8 40.Qd3 1-0

[Event "22nd EUR-ch (w)"]
[Site "Prague CZE"]
[Date "2022.08.31"]
[Round "11.22"]
[White "Urh, Zala"]
[Black "Zhukova, Natalia"]
[Result "0-1"]
[WhiteElo "2262"]
[BlackElo "2335"]
[EventDate "2022.08.20"]
[PlyCount "90"]

1.d4 Nf6 2.c4 e6 3.Nf3 c5 4.d5 exd5 5.cxd5 d6 6.Nc3 g6 7.Nd2 Bg7 8.e4 O-O 
9.Be2 Re8 10.O-O Nbd7 11.a4 Ne5 12.Ra3 g5 13.Qc2 Ng6 14.Nc4 Nf4 15.Bf3 a6 
16.a5 Qe7 17.g3 Nh3+ 18.Kh1 g4 19.Bg2 Nd7 20.f4 Rb8 21.Rb3 Bd4 22.Nd1 f5 
23.exf5 Nf6 24.Be3 Bd7 25.Bxd4 cxd4 26.Qd3 Ba4 27.Nxd6 Qxd6 28.Rb6 Qd8 29.
Qxd4 Bxd1 30.Rxd1 Ne4 31.Bxh3 gxh3 32.Re6 Nd6 33.Rde1 Qxa5 34.Qd1 Kf8 35.
f6 Rbc8 36.R1e5 Nf7 37.Rxe8+ Rxe8 38.Re6 Rd8 39.Re7 Rxd5 40.Qc1 Qd8 41.Re1
b5 42.Qe3 Qxf6 43.Qe4 Rd4 44.Qxh7 Qc6+ 45.Kg1 Qg2# 0-1

[Event "22nd EUR-ch (w)"]
[Site "Prague CZE"]
[Date "2022.08.31"]
[Round "11.23"]
[White "Gajcin, Marina"]
[Black "Schulze, Lara"]
[Result "0-1"]
[WhiteElo "2244"]
[BlackElo "2297"]
[EventDate "2022.08.20"]
[PlyCount "86"]

1.e4 c5 2.Nf3 Nc6 3.Bb5 g6 4.O-O Bg7 5.c3 e5 6.d4 cxd4 7.cxd4 exd4 8.Bf4 
a6 9.Ba4 Nge7 10.Bd6 b5 11.Bb3 Bb7 12.Re1 Nc8 13.e5 Nxd6 14.exd6+ Kf8 15.
Nbd2 f5 16.a4 Bf6 17.axb5 axb5 18.Rxa8 Bxa8 19.Ba2 Kg7 20.Qb3 Rf8 21.Qxb5 
Qb8 22.Qxb8 Rxb8 23.b3 Nb4 24.Bb1 Bd5 25.Ne5 Bxe5 26.Rxe5 Rc8 27.f3 Be6 
28.Rb5 Rc1+ 29.Kf2 Nd5 30.Ra5 Nc3 31.Re5 Rd1 32.Nf1 Bxb3 33.Bxf5 gxf5 34.
Ng3 Rd2+ 35.Ke1 Rd1+ 36.Kf2 d3 37.Re7+ Kg6 38.Rxd7 d2 39.Ke3 Nb1 40.Kf4 
Rc1 41.Nxf5 Rc4+ 42.Ke5 Rc5+ 43.Ke4 Rxf5 0-1

[Event "22nd EUR-ch (w)"]
[Site "Prague CZE"]
[Date "2022.08.31"]
[Round "11.24"]
[White "Blagojevic, Tijana"]
[Black "Martynkova, Olena"]
[Result "1-0"]
[WhiteElo "2291"]
[BlackElo "2182"]
[EventDate "2022.08.20"]
[PlyCount "135"]

1.e4 e5 2.Nf3 Nc6 3.Nc3 Nf6 4.d4 exd4 5.Nxd4 Bb4 6.Nxc6 bxc6 7.Bd3 d5 8.
exd5 cxd5 9.O-O O-O 10.Qf3 c6 11.Bg5 h6 12.Bxf6 Qxf6 13.Qxf6 gxf6 14.Ne2 
Bd6 15.Nd4 c5 16.Nf5 Bxf5 17.Bxf5 Be5 18.Rab1 Rab8 19.b3 Rb4 20.Rbd1 Rd4 
21.Rxd4 Bxd4 22.Re1 Be5 23.Kf1 Rd8 24.Re3 Kf8 25.Rh3 Kg7 26.Rd3 Rd6 27.g3 
c4 28.Rd1 cxb3 29.axb3 Bc3 30.Rd3 d4 31.Rf3 Rd5 32.Bd3 a5 33.Kg2 Re5 34.
Rf4 Rc5 35.h4 h5 36.Kh3 Re5 37.g4 hxg4+ 38.Kxg4 Re1 39.Kf3 Re5 40.Rg4+ Kh8
41.Bc4 Re7 42.Kf4 Rc7 43.Bd3 Rc5 44.Kg3 Bb2 45.Kh3 Bc3 46.Rg1 Bb2 47.Kg4 
Bc3 48.f4 Bd2 49.Kf3 Bc3 50.Rg2 Bb4 51.Re2 Kg7 52.Re4 Bc3 53.Re7 f5 54.Ra7
Kg6 55.Bc4 Be1 56.Ra6+ Kg7 57.h5 a4 58.Rxa4 Ra5 59.Ke2 Rxa4 60.bxa4 Bc3 
61.Bd5 f6 62.Kd3 Kh6 63.Bf3 Kg7 64.Kc4 Kh6 65.Kb5 Bd2 66.a5 Bxf4 67.a6 Bb8
68.Kb6 1-0

[Event "22nd EUR-ch (w)"]
[Site "Prague CZE"]
[Date "2022.08.31"]
[Round "11.25"]
[White "Calzetta Ruiz, Monica"]
[Black "Radeva, Viktoria"]
[Result "0-1"]
[WhiteElo "2230"]
[BlackElo "2289"]
[EventDate "2022.08.20"]
[PlyCount "126"]

1.e4 e6 2.Nf3 d5 3.e5 c5 4.b4 b6 5.c3 Nh6 6.Na3 Be7 7.Nc2 Nf5 8.d4 c4 9.g4
Nh6 10.h3 Bd7 11.a4 Nc6 12.Bg2 Qc7 13.Bf4 Bf8 14.Bg3 a5 15.b5 Ne7 16.Ne3 
O-O-O 17.Ng5 Be8 18.h4 Kb8 19.h5 Ka7 20.Ra2 Nc8 21.f4 Be7 22.Qf3 Bxg5 23.
fxg5 Ng8 24.Bh4 Nce7 25.Rf2 Rb8 26.Qe2 h6 27.gxh6 Nxh6 28.Qb2 Nhg8 29.Qa3 
g6 30.Bg5 gxh5 31.gxh5 Rb7 32.h6 f6 33.exf6 Ng6 34.Rh3 Rh7 35.Ng4 Bf7 36.
Re3 e5 37.dxe5 Be6 38.Bh3 Bxg4 39.Bxg4 Nxh6 40.Bxh6 Rxh6 41.f7 Rh1+ 42.Ke2
Qd8 43.f8=Q Nxf8 44.Qxf8 Qh4 45.Qf4 Ra1 46.Rh3 Ra2+ 47.Ke3 d4+ 48.cxd4 
Ra3+ 49.Ke4 Rxh3 50.Bxh3 Qxh3 51.Rf3 Qh1 52.e6 c3 53.Kd3 Qb1+ 54.Kxc3 Qb4+
55.Kd3 Qb3+ 56.Ke2 Qxe6+ 57.Qe5 Qa2+ 58.Ke3 Qxa4 59.Rf6 Qb4 60.Re6 a4 61.
d5 a3 62.d6 a2 63.Re7 Qe1+ 0-1

[Event "22nd EUR-ch (w)"]
[Site "Prague CZE"]
[Date "2022.08.31"]
[Round "11.26"]
[White "Kanakova, Natalie"]
[Black "Doluhanova, Evgeniya"]
[Result "0-1"]
[WhiteElo "2171"]
[BlackElo "2278"]
[EventDate "2022.08.20"]
[PlyCount "132"]

1.c4 Nf6 2.Nf3 c6 3.g3 g6 4.b3 Bg7 5.Bb2 O-O 6.Bg2 d6 7.O-O e5 8.d3 Bg4 9.
Nbd2 Na6 10.h3 Be6 11.Ng5 Bd7 12.Rc1 h6 13.Nge4 Ne8 14.Ba3 Be6 15.b4 Qd7 
16.Kh2 f5 17.Nc3 Nac7 18.e3 Rd8 19.Ne2 Nf6 20.f4 exf4 21.exf4 Rfe8 22.Nf3 
Bf7 23.Qd2 Qe7 24.Rce1 Qe3 25.Bc1 Qxd2 26.Bxd2 d5 27.c5 Ne4 28.Bc1 Nc3 29.
Nxc3 Bxc3 30.Rxe8+ Rxe8 31.a3 Re2 32.Kg1 Nb5 33.Ne5 Bd4+ 34.Kh1 Bxe5 35.
fxe5 Kh7 36.g4 Be6 37.g5 h5 38.Bf3 Ra2 39.Kg1 Nxa3 40.h4 Nc2 41.Bd2 Nd4 
42.Bc3 Nb5 43.Ba1 d4 44.Rd1 Kg8 45.Bg2 Kf7 46.Bf3 Ke7 47.Bg2 Bb3 48.Re1 
Ke6 49.Bf3 Bd5 50.Bxd5+ cxd5 51.Kh1 f4 52.Kg1 f3 53.Rf1 Kxe5 54.Rxf3 Rxa1+
55.Kg2 Ra6 56.Rf7 b6 57.c6 Ra2+ 58.Kf3 Rd2 59.Re7+ Kd6 60.Rg7 Rxd3+ 61.Kf2
Kxc6 62.Rxg6+ Nd6 63.Rh6 Re3 64.g6 Re7 65.Rxh5 Rg7 66.b5+ Kc5 0-1

[Event "22nd EUR-ch (w)"]
[Site "Prague CZE"]
[Date "2022.08.31"]
[Round "11.27"]
[White "Antova, Gabriela"]
[Black "Dolzhykova, Kateryna"]
[Result "1/2-1/2"]
[WhiteElo "2269"]
[BlackElo "2139"]
[EventDate "2022.08.20"]
[PlyCount "65"]

1.d4 Nf6 2.Nf3 g6 3.Bg5 Bg7 4.Nbd2 O-O 5.c3 d6 6.e4 c6 7.Be2 Nbd7 8.O-O 
Qc7 9.h3 e5 10.dxe5 dxe5 11.b4 a5 12.a4 b5 13.bxa5 Rxa5 14.axb5 cxb5 15.
Rxa5 Qxa5 16.Qa1 Qxa1 17.Rxa1 Nc5 18.Bxb5 Bb7 19.Ra7 Nfxe4 20.Nxe4 Bxe4 
21.Be7 Rb8 22.Bc4 Ne6 23.Bd6 Rb1+ 24.Kh2 Bxf3 25.gxf3 h5 26.Bxe6 fxe6 27.
c4 Rc1 28.c5 e4 29.fxe4 Bd4 30.Ra8+ Kf7 31.Rc8 Rc2 32.Kg1 e5 33.Rf8+ 
1/2-1/2

[Event "22nd EUR-ch (w)"]
[Site "Prague CZE"]
[Date "2022.08.31"]
[Round "11.28"]
[White "Belenkaya, Dina"]
[Black "Nilssen, Ellen Fredericia"]
[Result "1-0"]
[WhiteElo "2293"]
[BlackElo "2139"]
[EventDate "2022.08.20"]
[PlyCount "61"]

1.e4 e6 2.d4 d5 3.Nc3 Nf6 4.Bg5 dxe4 5.Nxe4 Be7 6.Bxf6 gxf6 7.Nf3 b6 8.
Bb5+ c6 9.Bd3 Bb7 10.Qe2 Qc7 11.O-O-O Nd7 12.Kb1 O-O-O 13.Ba6 Rhg8 14.
Bxb7+ Kxb7 15.g3 f5 16.Ned2 h5 17.Nc4 h4 18.Nfe5 Nxe5 19.Nxe5 Bf6 20.gxh4 
Bxh4 21.f4 Bf6 22.h4 Bh8 23.h5 Qe7 24.Qf3 Bxe5 25.dxe5 Rxd1+ 26.Qxd1 Rd8 
27.Qg1 f6 28.h6 fxe5 29.h7 Qf6 30.Qg5 Qh8 31.Qxd8 1-0

[Event "22nd EUR-ch (w)"]
[Site "Prague CZE"]
[Date "2022.08.31"]
[Round "11.29"]
[White "Daulyte-Cornette, Deimante"]
[Black "Terbe, Zsuzsanna"]
[Result "1-0"]
[WhiteElo "2384"]
[BlackElo "2196"]
[EventDate "2022.08.20"]
[PlyCount "65"]

1.e4 c5 2.Nc3 Nc6 3.Bb5 Nd4 4.Nf3 a6 5.Bd3 Nc6 6.O-O e6 7.b3 d6 8.Bb2 Nf6 
9.Re1 Qc7 10.Bf1 Be7 11.d4 cxd4 12.Nxd4 O-O 13.a4 Bd7 14.g3 Rfe8 15.Bg2 
Rac8 16.Qd2 Nxd4 17.Qxd4 Qc5 18.Qxc5 Rxc5 19.e5 dxe5 20.Bxb7 a5 21.Re2 Rc7
22.Ba6 e4 23.Bc4 Bc6 24.Nb5 Rb7 25.Nd4 Bd7 26.Bb5 Bc5 27.Nc6 Ra8 28.Rd1 h6
29.Bxf6 gxf6 30.Rxe4 Rc7 31.Rc4 Bb6 32.Ne7+ Kf8 33.Rxc7 1-0

[Event "22nd EUR-ch (w)"]
[Site "Prague CZE"]
[Date "2022.08.31"]
[Round "11.30"]
[White "Gaal, Zsoka"]
[Black "Van Foreest, Machteld"]
[Result "1-0"]
[WhiteElo "2313"]
[BlackElo "2235"]
[EventDate "2022.08.20"]
[PlyCount "80"]

1.Nf3 d5 2.g3 g6 3.Bg2 Bg7 4.d4 c6 5.O-O Nf6 6.b3 O-O 7.Bb2 Be6 8.Nbd2 
Nbd7 9.c4 Qb6 10.Rc1 Bh6 11.e3 Rac8 12.Qe2 Rfd8 13.Rfd1 Qa6 14.a3 c5 15.
dxc5 Nxc5 16.b4 Na4 17.b5 Qd6 18.Be5 Qc5 19.Bd4 Qxa3 20.Ra1 Qb4 21.Qe1 Bf5
22.cxd5 Bc2 23.Bxf6 exf6 24.Rdc1 Rxd5 25.Nb1 Rxb5 26.Na3 Bf5 27.Nxb5 Qxb5 
28.Nd4 Rxc1 29.Qxc1 Qd7 30.Nxf5 gxf5 31.Bxb7 Nb6 32.Bf3 Bf8 33.Qc6 Qe7 34.
Qb7 Qe6 35.Qxa7 Bc5 36.Qb8+ Kg7 37.Qf4 Nc4 38.Rc1 Ne5 39.Rxc5 Nd3 40.Qxf5 
Qb3 1-0

[Event "22nd EUR-ch (w)"]
[Site "Prague CZE"]
[Date "2022.08.31"]
[Round "11.31"]
[White "Lach, Aleksandra"]
[Black "Movsesian, Julia"]
[Result "1-0"]
[WhiteElo "2152"]
[BlackElo "2291"]
[EventDate "2022.08.20"]
[PlyCount "71"]

1.e4 e5 2.Bc4 Nf6 3.d3 Nc6 4.Nc3 Bc5 5.f4 d6 6.Nf3 a6 7.Nd5 O-O 8.f5 Nxd5 
9.Bxd5 h6 10.c3 Nb8 11.Qe2 c6 12.Bb3 b5 13.g4 d5 14.g5 hxg5 15.Bxg5 f6 16.
Be3 Qb6 17.Bd2 a5 18.a3 Kf7 19.exd5 Bxf5 20.d6+ Ke8 21.Nxe5 Bf2+ 22.Kd1 
Kd8 23.Nf7+ Kc8 24.Rf1 Nd7 25.d4 Kb7 26.Rxf2 Rae8 27.Qh5 g6 28.Qh7 Ka6 29.
Nh6 Nc5 30.Bc2 Bxc2+ 31.Kxc2 Ne4 32.d7 Nxf2 33.dxe8=Q Rxe8 34.Re1 Qb8 35.
Qd7 Rc8 36.Bf4 1-0

[Event "22nd EUR-ch (w)"]
[Site "Prague CZE"]
[Date "2022.08.31"]
[Round "11.32"]
[White "Rudzinska, Michalina"]
[Black "Ibrahimova, Sabina"]
[Result "0-1"]
[WhiteElo "2287"]
[BlackElo "2146"]
[EventDate "2022.08.20"]
[PlyCount "104"]

1.e4 c5 2.Nf3 Nc6 3.d4 cxd4 4.Nxd4 g6 5.c4 Bg7 6.Be3 Qb6 7.Nb3 Qd8 8.Nc3 
Nf6 9.Be2 O-O 10.Qd2 d6 11.f3 Be6 12.Nd4 Nxd4 13.Bxd4 a5 14.b3 Nd7 15.Bxg7
Kxg7 16.O-O f6 17.f4 Nc5 18.Rab1 Qb6 19.Kh1 Qb4 20.f5 Bf7 21.Rf3 g5 22.Rh3
Rh8 23.Qd4 Nd7 24.Bh5 Qc5 25.Qd2 Bg8 26.Rg3 h6 27.Ne2 Kf8 28.Rd3 Ne5 29.
Rd4 Kg7 30.Rc1 Rc8 31.Nc3 Nc6 32.Rd3 Ne5 33.Rd5 Bxd5 34.exd5 Qb4 35.Qc2 
Rc5 36.Nb5 Rhc8 37.Nd4 Rxd5 38.Ne6+ Kh8 39.Qe4 Rd2 40.h4 Nd3 41.Rf1 Nf2+ 
42.Rxf2 Rxf2 43.hxg5 Rf1+ 44.Kh2 Qe1 45.Qxe1 Rxe1 46.g6 Rxe6 47.fxe6 f5 
48.Bf3 b6 49.Kg3 Kg7 50.Bh5 Kf6 51.Kf4 Rc5 52.Bf3 Re5 0-1

[Event "22nd EUR-ch (w)"]
[Site "Prague CZE"]
[Date "2022.08.31"]
[Round "11.33"]
[White "Sieber, Fiona"]
[Black "Hrebenshchykova, Yelyzaveta"]
[Result "0-1"]
[WhiteElo "2280"]
[BlackElo "2123"]
[EventDate "2022.08.20"]
[PlyCount "124"]

1.e4 c5 2.Nf3 e6 3.d4 cxd4 4.Nxd4 Nc6 5.Nc3 d6 6.Be2 Nf6 7.g4 h6 8.Rg1 Be7
9.Be3 Bd7 10.h4 d5 11.exd5 exd5 12.Nxc6 Bxc6 13.Qd3 Ne4 14.O-O-O Qa5 15.
Bd4 O-O-O 16.Kb1 Bxh4 17.Bxg7 Rhe8 18.Bd4 Kb8 19.Rgf1 Be7 20.f4 Bb4 21.
Nxe4 dxe4 22.Qe3 f5 23.Be5+ Ka8 24.gxf5 Bd2 25.Qb3 Rc8 26.Qg3 Bd5 27.c4 
Rxc4 28.b3 Rc2 29.Kxc2 Qxa2+ 30.Bb2 e3 31.Rxd2 Rc8+ 32.Bc4 Bxc4 33.bxc4 
Qxc4+ 34.Bc3 Qxc3+ 35.Kb1 Qxd2 36.Rg1 e2 37.f6 Qc2+ 38.Ka1 Qa4+ 39.Kb1 
Qb4+ 40.Ka1 Qd4+ 41.Kb1 Qxf6 42.Qe3 Qf5+ 43.Ka1 Qa5+ 44.Kb1 Qb4+ 45.Ka1 
Qa4+ 46.Kb1 Qc2+ 47.Ka1 a6 48.f5 Qxf5 49.Qxe2 Qa5+ 50.Qa2 Qxa2+ 51.Kxa2 
Rh8 52.Rh1 h5 53.Rh4 b5 54.Kb3 Kb7 55.Kb4 Kb6 56.Rf4 a5+ 57.Kc3 Rh6 58.Rh4
Kc5 59.Kb3 Kd5 60.Kc3 Ke5 61.Rh1 h4 62.Ra1 h3 0-1

[Event "22nd EUR-ch (w)"]
[Site "Prague CZE"]
[Date "2022.08.31"]
[Round "11.34"]
[White "Eric, Jovana"]
[Black "Tsirulnik, Maritsa"]
[Result "1/2-1/2"]
[WhiteElo "2244"]
[BlackElo "2089"]
[EventDate "2022.08.20"]
[PlyCount "96"]

1.e4 c5 2.Nf3 d6 3.d4 Nf6 4.Nc3 cxd4 5.Nxd4 e6 6.Be3 Be7 7.Be2 Nc6 8.f4 
O-O 9.O-O e5 10.Nb3 exf4 11.Bxf4 Be6 12.Kh1 d5 13.e5 Ne4 14.Bd3 Nxc3 15.
bxc3 g6 16.Qd2 Re8 17.Nd4 Qd7 18.Nf3 Bf8 19.Bh6 Bg4 20.Bxf8 Rxf8 21.Rae1 
Rae8 22.Bb5 Bxf3 23.Rxf3 Re6 24.Rf6 Qe7 25.Rxe6 Qxe6 26.Qe3 a6 27.Bxc6 
bxc6 28.Qa7 f6 29.Qxa6 fxe5 30.h3 e4 31.Rf1 Rf5 32.a4 e3 33.Re1 Rf2 34.Qb6
Qe4 35.Qb8+ Rf8 36.Qg3 e2 37.a5 Qc4 38.Kh2 Re8 39.Qf3 d4 40.cxd4 Qxc2 41.
a6 Qd2 42.Qf2 Qa2 43.a7 Qxa7 44.Rxe2 Rxe2 45.Qxe2 Qxd4 46.Qe8+ Kg7 47.Qxc6
Qe5+ 48.Kg1 Qe3+ 1/2-1/2

[Event "22nd EUR-ch (w)"]
[Site "Prague CZE"]
[Date "2022.08.31"]
[Round "11.35"]
[White "Toncheva, Nadya"]
[Black "Rakhmangulova, Anastasiya"]
[Result "0-1"]
[WhiteElo "2164"]
[BlackElo "2244"]
[EventDate "2022.08.20"]
[PlyCount "108"]

1.d4 Nf6 2.c4 g6 3.Nc3 Bg7 4.e4 d6 5.Be2 O-O 6.Bg5 Na6 7.h4 e5 8.d5 h6 9.
Be3 Nc5 10.Qc2 a5 11.O-O-O Bd7 12.h5 g5 13.f3 Ne8 14.g4 c6 15.dxc6 bxc6 
16.Bxc5 dxc5 17.Na4 Qe7 18.Nb6 Ra7 19.Nh3 Be6 20.Rd2 Nf6 21.Nf2 Rb8 22.Na4
Bf8 23.Nd3 Nd7 24.Rhd1 f6 25.Kb1 Qf7 26.Nc1 Be7 27.a3 Rab7 28.Qc3 Qe8 29.
Bd3 Nf8 30.Bc2 Bf7 31.Nd3 Ne6 32.Qxa5 Ra8 33.Qc3 Qf8 34.Nc1 Nd4 35.Ka1 Qb8
36.Rd3 Bd8 37.Nb3 Rxb3 38.Bxb3 Ba5 39.Rxd4 Bxc3 40.Rd8+ Qxd8 41.Rxd8+ Rxd8
42.bxc3 Rd2 43.Nxc5 Kf8 44.a4 Ke7 45.a5 Kd6 46.Na4 Kc7 47.Nc5 Be8 48.Ne6+ 
Kb8 49.Kb1 Rd3 50.Kb2 Rxf3 51.Ka3 Bd7 52.Nc5 Bxg4 53.Ba4 Bc8 54.Bxc6 g4 
0-1

[Event "22nd EUR-ch (w)"]
[Site "Prague CZE"]
[Date "2022.08.31"]
[Round "11.36"]
[White "Garcia Martin, Marta"]
[Black "Lhotska, Anna"]
[Result "0-1"]
[WhiteElo "2305"]
[BlackElo "2081"]
[EventDate "2022.08.20"]
[PlyCount "96"]

1.d4 d5 2.c4 e6 3.Nc3 a6 4.cxd5 exd5 5.g3 c6 6.Bg2 Be7 7.Nh3 h6 8.Nf4 Nf6 
9.O-O Bf5 10.Kh1 O-O 11.f3 Qd7 12.e4 dxe4 13.fxe4 Bg4 14.Qd3 Rd8 15.h3 g5 
16.hxg4 gxf4 17.gxf4 Qxg4 18.Rg1 Kh8 19.Rd1 Rxd4 20.Qxd4 Qh5+ 21.Kg1 Bc5 
22.Be3 Bxd4 23.Bxd4 Nd7 24.e5 c5 25.Bf2 Rg8 26.Rd3 Ng4 27.Bg3 Nb6 28.Ne4 
c4 29.Rf3 Nd5 30.Re1 Qf5 31.Bh3 Qe6 32.Nd6 f5 33.Bg2 b5 34.a4 Rb8 35.axb5 
axb5 36.Ra3 c3 37.bxc3 Nde3 38.Bf3 Nc2 39.Rea1 Nxa1 40.Rxa1 Rg8 41.Ra7 
Nxe5 42.fxe5 Rxg3+ 43.Kf2 Rg7 44.Ra8+ Kh7 45.Ne8 Re7 46.Nf6+ Kg7 47.Nh5+ 
Kf7 48.Nf4 Qxe5 0-1

[Event "22nd EUR-ch (w)"]
[Site "Prague CZE"]
[Date "2022.08.31"]
[Round "11.37"]
[White "Gaboian, Susanna"]
[Black "Koridze, Lile"]
[Result "1/2-1/2"]
[WhiteElo "2270"]
[BlackElo "2081"]
[EventDate "2022.08.20"]
[PlyCount "103"]

1.e4 c5 2.Nc3 d6 3.f4 g6 4.Nf3 Bg7 5.Bc4 e6 6.O-O Ne7 7.d4 cxd4 8.Nxd4 O-O
9.f5 exf5 10.exf5 Nxf5 11.Nxf5 Bxf5 12.Rxf5 gxf5 13.Qh5 Qb6+ 14.Kh1 Qd4 
15.Be2 Nc6 16.Bg5 Rae8 17.Rd1 Qe5 18.Rd3 Qe6 19.Rg3 Kh8 20.Qh4 h6 21.Bd2 
Ne5 22.Rh3 Ng4 23.Rf3 Kg8 24.Bb5 Re7 25.h3 Ne5 26.Rg3 f4 27.Qxf4 Ng6 28.
Qf2 Qe5 29.Bc4 Rc7 30.Bb3 Kh7 31.Nd5 Rxc2 32.Bxc2 Qxd5 33.Bb3 Qd4 34.Be3 
Qxb2 35.Qxb2 Bxb2 36.Bxa7 Kg7 37.Rf3 Be5 38.a4 f6 39.Rf1 Rc8 40.Bd5 Ra8 
41.Bg1 Rxa4 42.Rb1 b5 43.Rxb5 Ra1 44.Rb7+ Kf8 45.Be4 Nf4 46.Rb1 Ne2 47.Bf2
Rxb1+ 48.Bxb1 d5 49.Be3 Bf4 50.Bc5+ Kf7 51.g4 Ke6 52.Kg2 1/2-1/2

[Event "22nd EUR-ch (w)"]
[Site "Prague CZE"]
[Date "2022.08.31"]
[Round "11.38"]
[White "Richterova, Natasa"]
[Black "Huda, Maryana"]
[Result "1/2-1/2"]
[WhiteElo "2215"]
[BlackElo "2128"]
[EventDate "2022.08.20"]
[PlyCount "28"]

1.Nf3 d5 2.e3 c5 3.b3 a6 4.Bb2 Nc6 5.d4 cxd4 6.Nxd4 Nf6 7.Be2 Nxd4 8.Bxd4 
Bf5 9.O-O e6 10.c4 dxc4 11.bxc4 Be7 12.Nc3 O-O 13.Qb3 Qc7 14.Bf3 Bd3 
1/2-1/2

[Event "22nd EUR-ch (w)"]
[Site "Prague CZE"]
[Date "2022.08.31"]
[Round "11.39"]
[White "Lehaci, Miruna-Daria"]
[Black "Butenandt, Svenja"]
[Result "1/2-1/2"]
[WhiteElo "2186"]
[BlackElo "2032"]
[EventDate "2022.08.20"]
[PlyCount "83"]

1.e4 c6 2.Nc3 d5 3.Nf3 Nf6 4.e5 Ne4 5.Ne2 Qb6 6.d4 e6 7.Ng3 c5 8.Bd3 Nxg3 
9.fxg3 cxd4 10.O-O Nc6 11.a3 Bd7 12.b4 Be7 13.Kh1 h6 14.g4 a6 15.Qe2 Na7 
16.Bb2 Bb5 17.Bxd4 Qc7 18.Qe3 Bxd3 19.cxd3 Nc6 20.Rac1 Qd7 21.Bc5 O-O 22.
g5 h5 23.d4 Bxc5 24.bxc5 Ne7 25.Nh4 Rab8 26.Rb1 Qc7 27.Qb3 Nc6 28.Rf4 Qd8 
29.Qg3 g6 30.Rbf1 Ne7 31.Rf6 b6 32.Qf3 Qe8 33.cxb6 Rxb6 34.h3 Kg7 35.Qe3 
Rb7 36.R6f2 Nf5 37.Nxf5+ exf5 38.Rc2 Qa4 39.Rc3 Rfb8 40.Kh2 Rb3 41.Rfc1 
Qxa3 42.Qe1 1/2-1/2

[Event "22nd EUR-ch (w)"]
[Site "Prague CZE"]
[Date "2022.08.31"]
[Round "11.41"]
[White "Grineva, Marianna"]
[Black "Ciolacu, Alessia-Mihaela"]
[Result "0-1"]
[WhiteElo "2006"]
[BlackElo "2169"]
[EventDate "2022.08.20"]
[PlyCount "64"]

1.e4 c5 2.Nf3 d6 3.Nc3 Nf6 4.e5 dxe5 5.Nxe5 a6 6.g3 Qc7 7.d4 cxd4 8.Qxd4 
Nc6 9.Nxc6 Qxc6 10.Rg1 Bg4 11.Bg2 Bf3 12.Bxf3 Qxf3 13.Qf4 Qc6 14.Be3 e6 
15.O-O-O Be7 16.g4 Rc8 17.Rd2 b5 18.Bd4 Qc4 19.Kb1 b4 20.Ne2 Nd5 21.Qg3 
O-O 22.g5 Rfd8 23.Qe5 Bf8 24.Rgd1 a5 25.Ng3 a4 26.Qe2 Qc6 27.h4 b3 28.cxb3
axb3 29.axb3 Qa8 30.Qb5 Rc6 31.Bc3 Rb8 32.Qa4 Nxc3+ 0-1

[Event "22nd EUR-ch (w)"]
[Site "Prague CZE"]
[Date "2022.08.31"]
[Round "11.42"]
[White "Pavlidou, Ekaterini"]
[Black "Lomaia, Diana"]
[Result "1/2-1/2"]
[WhiteElo "2158"]
[BlackElo "1955"]
[EventDate "2022.08.20"]
[PlyCount "92"]

1.d4 Nf6 2.Bf4 d5 3.e3 e6 4.Nd2 Bd6 5.Bg3 c5 6.c3 Bxg3 7.hxg3 b6 8.Bd3 Bb7
9.f4 c4 10.Bc2 b5 11.Qf3 Qc7 12.Nh3 Nc6 13.Nf2 O-O-O 14.g4 h6 15.a3 Kb8 
16.O-O-O Nd7 17.g5 hxg5 18.fxg5 f6 19.g6 a5 20.g4 b4 21.Rh7 Rhg8 22.Nh3 
Qd6 23.axb4 axb4 24.e4 bxc3 25.Qxc3 Nb6 26.Kb1 Na7 27.e5 fxe5 28.dxe5 Qc6 
29.Nf3 Nb5 30.Qe3 c3 31.Nd4 Qc5 32.Qd3 Nc4 33.Nxb5 Qxb5 34.Qxc3 d4 35.Qb3 
Qxb3 36.Bxb3 Be4+ 37.Ka2 Bxg6 38.Rh4 Kc7 39.Ba4 Nxe5 40.Nf4 Bf7 41.g5 Kb6 
42.Rh3 Ng6 43.Rb3+ Ka7 44.Ra3 Kb6 45.Rb3+ Ka7 46.Ra3 Kb6 1/2-1/2

[Event "22nd EUR-ch (w)"]
[Site "Prague CZE"]
[Date "2022.08.31"]
[Round "11.43"]
[White "Kazarian, Anna-Maja"]
[Black "Svobodova, Michaela"]
[Result "1-0"]
[WhiteElo "2139"]
[BlackElo "1943"]
[EventDate "2022.08.20"]
[PlyCount "37"]

1.e4 c5 2.Nf3 Nc6 3.Bb5 e5 4.Nc3 Bd6 5.O-O Nge7 6.d3 a6 7.Bc4 O-O 8.a4 Nd4
9.Nxd4 cxd4 10.Ne2 Bc7 11.Bg5 d6 12.f4 Be6 13.f5 Bxc4 14.f6 Ng6 15.dxc4 
Re8 16.Ng3 Nf4 17.Nf5 gxf6 18.Bxf4 exf4 19.Qg4+ 1-0

[Event "22nd EUR-ch (w)"]
[Site "Prague CZE"]
[Date "2022.08.31"]
[Round "11.44"]
[White "Pipiras, Filipa Fortuna"]
[Black "Marcinczyk, Monika"]
[Result "1-0"]
[WhiteElo "2135"]
[BlackElo "1934"]
[EventDate "2022.08.20"]
[PlyCount "45"]

1.d4 Nf6 2.c4 e6 3.Nc3 Bb4 4.Qc2 b6 5.e4 c5 6.d5 Qe7 7.Ne2 exd5 8.exd5 d6 
9.Bd2 Ng4 10.a3 Bxc3 11.Qxc3 O-O 12.f3 Ne5 13.O-O-O Na6 14.h3 Nc7 15.f4 
Ng6 16.g4 b5 17.Ng3 Rb8 18.Re1 Qd7 19.h4 bxc4 20.Nf5 f6 21.h5 Nb5 22.Qxc4 
Qb7 23.Qxb5 1-0

[Event "22nd EUR-ch (w)"]
[Site "Prague CZE"]
[Date "2022.08.31"]
[Round "11.45"]
[White "Tashkinova, Sofiia"]
[Black "Zimina, Olga"]
[Result "1/2-1/2"]
[WhiteElo "2011"]
[BlackElo "2340"]
[EventDate "2022.08.20"]
[PlyCount "63"]

1.e4 c6 2.d4 d5 3.exd5 cxd5 4.Bd3 Nc6 5.c3 Nf6 6.Bf4 Bg4 7.Qb3 Qd7 8.Nd2 
e6 9.Ngf3 Bd6 10.Bxd6 Qxd6 11.O-O O-O 12.Rae1 Bxf3 13.Nxf3 Qc7 14.Ne5 Nxe5
15.dxe5 Nd7 16.Qc2 g6 17.Qe2 Rab8 18.h4 Nc5 19.h5 Qe7 20.Bb1 Qg5 21.f4 
Qxh5 22.Qxh5 gxh5 23.f5 Kh8 24.Re3 Rg8 25.Rh3 Rg5 26.fxe6 fxe6 27.Rf7 Rg7 
28.Rf6 Rbg8 29.Rh2 Rg5 30.Rf7 R5g7 31.Rf6 Rg5 32.Rf7 1/2-1/2

[Event "22nd EUR-ch (w)"]
[Site "Prague CZE"]
[Date "2022.08.31"]
[Round "11.46"]
[White "Richtrova, Eliska"]
[Black "Sevcikova, Lucia"]
[Result "1/2-1/2"]
[WhiteElo "2204"]
[BlackElo "2058"]
[EventDate "2022.08.20"]
[PlyCount "96"]

1.d4 d5 2.Nf3 Nf6 3.Bf4 e6 4.e3 c5 5.c3 Nc6 6.Nbd2 Bd6 7.dxc5 Bxc5 8.Bd3 
O-O 9.Qc2 h6 10.e4 e5 11.Bg3 Re8 12.O-O Bg4 13.exd5 Qxd5 14.Bc4 Qd7 15.Ne4
Nxe4 16.Qxe4 Bf5 17.Rad1 Bxe4 18.Rxd7 Re7 19.Rxe7 Bxe7 20.Nxe5 Nxe5 21.
Bxe5 Rd8 22.Bd4 Bd5 23.Bxd5 Rxd5 24.f4 Bc5 25.Rd1 Bb6 26.g4 Rd7 27.Kg2 
Bxd4 28.Rxd4 Re7 29.Rd8+ Kh7 30.Kf3 g6 31.c4 b6 32.Rc8 Kg7 33.b4 Re1 34.c5
bxc5 35.bxc5 Ra1 36.c6 Rxa2 37.Ke4 Rxh2 38.Ra8 Rc2 39.Kd5 h5 40.gxh5 gxh5 
41.Rxa7 h4 42.c7 h3 43.Kd6 h2 44.Ra1 Rd2+ 45.Kc6 Rc2+ 46.Kd7 Rd2+ 47.Kc8 
Rg2 48.Rh1 Kf6 1/2-1/2

[Event "22nd EUR-ch (w)"]
[Site "Prague CZE"]
[Date "2022.08.31"]
[Round "11.47"]
[White "Kucharska, Honorata"]
[Black "Vanduyfhuys, Daria"]
[Result "1/2-1/2"]
[WhiteElo "2193"]
[BlackElo "2054"]
[EventDate "2022.08.20"]
[PlyCount "97"]

1.d4 Nf6 2.Nf3 e6 3.e3 d5 4.Bd3 c5 5.b3 Nc6 6.Bb2 Bd6 7.O-O O-O 8.a3 b6 9.
Nbd2 Bb7 10.Qe2 Re8 11.Ne5 Qe7 12.f4 Nd7 13.Ndf3 Nf8 14.Nxc6 Bxc6 15.Ne5 
Bb7 16.Qg4 f6 17.Nf3 Rac8 18.Nd2 Rc7 19.Qh3 Rec8 20.c4 a5 21.a4 cxd4 22.
exd4 Bb4 23.Rad1 Ba6 24.f5 Bxd2 25.Rxd2 Qb4 26.Rfd1 Qxb3 27.fxe6 dxc4 28.
Bxh7+ Nxh7 29.Qxb3 cxb3 30.d5 Re7 31.Ba3 Ree8 32.e7 Rc7 33.d6 Rd7 34.Rc1 
Kf7 35.Rb2 b5 36.axb5 Bxb5 37.Rxb3 Ba4 38.Rb6 Ng5 39.h4 Ne6 40.Kf2 g6 41.
Rc4 Bd1 42.Ke1 Ng7 43.Kxd1 Rexe7 44.Kc1 Re3 45.Kb2 Ne8 46.Rc2 Rd3 47.Rb5 
Nxd6 48.Bxd6 R3xd6 49.Rxa5 1/2-1/2